000 00334nam a22001457a 4500
008 231101b ||||| |||| 00| 0 eng d
020 _a0299068301
041 _aeng
080 _a7
082 _a7ORE
100 _a20
101 _aART
245 _aNICOLE ORESME AND THE KINEMATICS OF CIRCULAR MOTION
_cGRANT E
942 _2udc
_cBK
999 _c60476
_d60476